Statistics for Guess the Taylor Swift Song (no hints) 129

Click here to take the quiz!

General Stats

  • This quiz has been taken 32 times
  • The average score is 332 of 410

Answer Stats

Answer% Correct
I
100%
"I
100%
a
97%
And
97%
the
97%
it
93%
love
93%
me
93%
No
93%
You
93%
you, "
93%
you
93%
for
90%
He
90%
It's
90%
it's
90%
to
90%
if
87%
in
87%
In
87%
my
87%
of
87%
So
87%
be
83%
but
83%
But
83%
just
83%
like
83%
not
83%
that
83%
that's
83%
your
83%
don't
80%
ever
80%
"I'm
80%
I'm
80%
know
80%
Said,
80%
say
80%
want
80%
what
80%
What
80%
with
80%
With
80%
baby
77%
back
77%
bar
77%
boy
77%
coming
77%
cried
77%
doesn't
77%
from
77%
got
77%
home
77%
thing
77%
ain't
73%
always
73%
angels
73%
Bad,
73%
bad
73%
below
73%
blue,
73%
body
73%
breakable
73%
car
73%
cruel
73%
cut
73%
devil
73%
Devils
73%
dice,
73%
dream
73%
drunk
73%
eyes
73%
feeling
73%
Fever
73%
fine, "
73%
grinning
73%
heard?
73%
heaven
73%
high
73%
keep
73%
kill
73%
Killing
73%
last
73%
looks
73%
makes
73%
more
73%
new,
73%
night
73%
(oh)
73%
oh
73%
Oh,
73%
out
73%
quiet
73%
roll
73%
rules
73%
rules,
73%
shape
73%
Shiny
73%
slow,
73%
summer
73%
tell
73%
their
73%
these
73%
through
73%
toy
73%
up
73%
waiting
73%
wanna
73%
We're
73%
window
73%
worst
73%
you'll
73%
bleed,
70%
bought
70%
caught
70%
'em
70%
Every
70%
fate
70%
garden
70%
gate
70%
head
70%
I've
70%
machine
70%
ooh,
70%
price
70%
screamed
70%
seal
70%
secrets
70%
snuck
70%
true
70%
vending
70%
wasn't
70%
we'll
70%
whatever
70%
worth
70%
bone
67%
cool,
67%
glow
67%
Hang
67%
low
67%
trying
67%
dying
63%
headlights,
63%
knife
63%
summer's
63%
times
63%
whoa
63%
whoa,
63%
screw
60%
bar (oh)
27%

Score Distribution

Percentile by Number Answered

Percent of People with Each Score

Your Score History

You have not taken this quiz